00474 2200169 4500001002100000008004100021035002000062245005100082100002400133260003900157300002100196020002200217084002000239082001400259650001700273990001400290INLIS000000000000548 ind  a0010-0825000082 aHappy Birth-diecRisma Ridha Annisa; Pit Sansi aAnnisa, Risma Ridha aYogyakarta :bBentang Belia,c2019 a344 hlm.c21 cm. a978-602-430-559-8 a899.223 1 ANI h a899.223 1 aFiksi Remaja a000000718